| 000 | 00358nam a2200121Ia 4500 | ||
|---|---|---|---|
| 008 | 210430s9999 xx 000 0 und d | ||
| 020 | _a81-219-1659-3 | ||
| 100 |
_aSrivastava _954378 |
||
| 245 |
_aInstrumental Approach To Chemical Analysis 4th Revised ed 2008 _cSrivastava |
||
| 260 |
_aRam Nagar _bChand Company _c2010 |
||
| 300 | _a664 p | ||
| 942 |
_cBK _2ddc |
||
| 999 |
_c564945 _d564945 |
||